000 00846nam0a22002411 4500
001 rc\680789
005 20260406121212.0
035 _a(NLR Aleph) 005918123
090 _a6447966
_c6447966
100 _a20031121d1985 |||y0rusy50 ca
101 0 _arus
102 _aRU
105 _ay |||||||||
200 1 _aАкцессорные минералы горных пород
_e[Сб. ст.]
_fАН СССР, Ин-т литосферы
_gОтв. ред. д. г.-м. н. В.В. Ляхович
210 _aМ.
_cНаука
_d1985
215 _a76 с.
_d22
702 1 _aЛяхович
_bВ.В.
_gВалерий Владимирович
_4340
712 0 2 _aИнститут литосферы
_cМосква
_3RU\NLR\AUTH\8813730
_9300508
801 0 _aRU
_bNLR
_gpsbo
801 1 _aRU
_bELAR
_2rusmarc
852 _aNLR
_j85-6/3174
942 _cBOOK
980 _aNB